[Event "World Cup 2017"]
[Site "Tbilisi"]
[Date "2017.09.07"]
[Round "10.31"]
[White "Bu Xiangzhi (CHN)"]
[Black "Bacrot Etienne (FRA)"]
[Result "1/2-1/2"]
[BlackElo "2728"]
[WhiteElo "2714"]
[LiveChessVersion "1.4.8"]

1. Nf3 {[%clk 1:30:49]} d5 {[%clk 1:28:22]} 2. d4 {[%clk 1:29:53]} Nf6
{[%clk 1:28:44]} 3. c4 {[%clk 1:29:30]} e6 {[%clk 1:29:07]} 4. Nc3
{[%clk 1:28:35]} Be7 {[%clk 1:28:53]} 5. Bg5 {[%clk 1:25:16]} h6 {[%clk 1:28:54]}
6. Bh4 {[%clk 1:22:29]} O-O {[%clk 1:29:03]} 7. e3 {[%clk 1:22:55]} Ne4
{[%clk 1:29:26]} 8. Bxe7 {[%clk 1:19:53]} Qxe7 {[%clk 1:29:49]} 9. Qc2
{[%clk 1:20:11]} Nxc3 {[%clk 1:26:29]} 10. Qxc3 {[%clk 1:20:33]} dxc4
{[%clk 1:26:42]} 11. Bxc4 {[%clk 1:19:21]} b6 {[%clk 1:27:02]} 12. Be2
{[%clk 1:12:45]} Bb7 {[%clk 1:24:59]} 13. b4 {[%clk 1:10:33]} Rc8
{[%clk 1:16:58]} 14. O-O {[%clk 1:10:47]} a5 {[%clk 1:10:10]} 15. a3
{[%clk 0:57:13]} c5 {[%clk 1:06:22]} 16. dxc5 {[%clk 0:55:46]} Nd7
{[%clk 1:05:54]} 17. Rfd1 {[%clk 0:49:08]} axb4 {[%clk 1:00:39]} 18. axb4
{[%clk 0:43:26]} bxc5 {[%clk 1:00:50]} 19. Rxa8 {[%clk 0:42:55]} Rxa8
{[%clk 1:01:02]} 20. bxc5 {[%clk 0:40:24]} Qxc5 {[%clk 0:58:26]} 1/2-1/2

[Event "World Cup 2017"]
[Site "Tbilisi"]
[Date "2017.09.07"]
[Round "10.32"]
[White "Lenderman Aleksandr (USA)"]
[Black "Tari Aryan (NOR)"]
[Result "1-0"]
[BlackElo "2588"]
[WhiteElo "2565"]
[LiveChessVersion "1.4.8"]

1. Nf3 {[%clk 1:30:56]} Nf6 {[%clk 1:30:48]} 2. c4 {[%clk 1:31:20]} c5
{[%clk 1:31:14]} 3. Nc3 {[%clk 1:31:39]} d5 {[%clk 1:31:23]} 4. cxd5
{[%clk 1:32:04]} Nxd5 {[%clk 1:31:49]} 5. e3 {[%clk 1:32:28]} Nxc3
{[%clk 1:32:03]} 6. dxc3 {[%clk 1:32:52]} Qxd1+ {[%clk 1:31:33]} 7. Kxd1
{[%clk 1:33:16]} Nc6 {[%clk 1:29:04]} 8. e4 {[%clk 1:32:40]} b6 {[%clk 1:27:06]}
9. Kc2 {[%clk 1:31:44]} Bb7 {[%clk 1:21:17]} 10. Be3 {[%clk 1:32:05]} e6
{[%clk 1:11:57]} 11. Nd2 {[%clk 1:31:32]} Bd6 {[%clk 1:10:47]} 12. a4
{[%clk 1:27:26]} Ke7 {[%clk 1:06:40]} 13. f3 {[%clk 1:23:05]} Ne5
{[%clk 0:57:18]} 14. a5 {[%clk 1:21:12]} h6 {[%clk 0:55:33]} 15. h4
{[%clk 1:18:01]} Bc6 {[%clk 0:46:54]} 16. h5 {[%clk 1:10:00]} Nd7
{[%clk 0:37:59]} 17. Nc4 {[%clk 1:05:53]} Bc7 {[%clk 0:38:18]} 18. Na3
{[%clk 1:05:27]} bxa5 {[%clk 0:30:03]} 19. Bb5 {[%clk 1:04:56]} Bxb5
{[%clk 0:30:17]} 20. Nxb5 {[%clk 1:05:17]} Bb6 {[%clk 0:30:39]} 21. Bf4
{[%clk 0:55:30]} e5 {[%clk 0:23:33]} 22. Bd2 {[%clk 0:55:20]} Nb8
{[%clk 0:22:38]} 23. Na3 {[%clk 0:55:11]} Nc6 {[%clk 0:22:37]} 24. Nc4
{[%clk 0:55:33]} Ke6 {[%clk 0:22:28]} 25. Be3 {[%clk 0:52:53]} Rac8
{[%clk 0:21:56]} 26. Kb3 {[%clk 0:49:24]} Rhd8 {[%clk 0:16:17]} 27. Rhd1
{[%clk 0:48:04]} Rb8 {[%clk 0:08:44]} 28. Ka4 {[%clk 0:46:38]} a6
{[%clk 0:08:52]} 29. Rxd8 {[%clk 0:44:35]} Bxd8 {[%clk 0:06:41]} 30. Bxc5
{[%clk 0:44:36]} Bc7 {[%clk 0:04:40]} 31. Rd1 {[%clk 0:43:05]} g6
{[%clk 0:04:26]} 32. hxg6 {[%clk 0:40:02]} fxg6 {[%clk 0:04:54]} 33. Rd2
{[%clk 0:39:36]} Rb5 {[%clk 0:05:03]} 34. Bd6 {[%clk 0:38:45]} Bd8
{[%clk 0:03:27]} 35. Bf8 {[%clk 0:38:15]} Be7 {[%clk 0:03:56]} 36. Bxe7
{[%clk 0:37:31]} Kxe7 {[%clk 0:04:24]} 37. Rd5 {[%clk 0:37:06]} Na7
{[%clk 0:01:59]} 38. Rxe5+ {[%clk 0:36:37]} Kf6 {[%clk 0:01:58]} 39. Rd5
{[%clk 0:36:05]} 1-0

[Event "World Cup 2017"]
[Site "Tbilisi"]
[Date "2017.09.08"]
[Round "11.1"]
[White "So Wesley (USA)"]
[Black "Bluebaum Matthias (GER)"]
[Result "1/2-1/2"]
[BlackElo "2633"]
[WhiteElo "2792"]
[LiveChessVersion "1.4.8"]

1. Nf3 {[%clk 0:25:15]} d5 {[%clk 0:25:19]} 2. g3 {[%clk 0:25:24]} g6
{[%clk 0:25:21]} 3. Bg2 {[%clk 0:25:30]} Bg7 {[%clk 0:25:29]} 4. d4
{[%clk 0:25:38]} Nf6 {[%clk 0:25:37]} 5. O-O {[%clk 0:25:41]} O-O
{[%clk 0:25:35]} 6. c4 {[%clk 0:25:49]} dxc4 {[%clk 0:25:23]} 7. Na3
{[%clk 0:25:57]} c5 {[%clk 0:24:49]} 8. dxc5 {[%clk 0:25:31]} c3 {[%clk 0:24:48]}
9. Nb5 {[%clk 0:22:58]} Na6 {[%clk 0:24:47]} 10. Nxc3 {[%clk 0:22:05]} Nxc5
{[%clk 0:24:56]} 11. Be3 {[%clk 0:22:12]} Nfe4 {[%clk 0:24:53]} 12. Nxe4
{[%clk 0:21:33]} Nxe4 {[%clk 0:25:01]} 13. Qa4 {[%clk 0:20:47]} Nd6
{[%clk 0:23:58]} 14. Bd4 {[%clk 0:17:27]} Bd7 {[%clk 0:22:31]} 15. Qb4
{[%clk 0:17:34]} Bc6 {[%clk 0:21:54]} 16. Bxg7 {[%clk 0:15:12]} Kxg7
{[%clk 0:22:03]} 17. Ne5 {[%clk 0:15:06]} Bxg2 {[%clk 0:21:24]} 18. Kxg2
{[%clk 0:15:15]} Qc8 {[%clk 0:18:49]} 19. Qd4 {[%clk 0:13:57]} f6
{[%clk 0:17:36]} 20. Nf3 {[%clk 0:12:26]} Qc4 {[%clk 0:16:17]} 21. Rfc1
{[%clk 0:11:39]} Qxd4 {[%clk 0:15:46]} 22. Nxd4 {[%clk 0:11:48]} Kf7
{[%clk 0:15:46]} 23. Rc7 {[%clk 0:11:45]} Rac8 {[%clk 0:15:42]} 24. Rac1
{[%clk 0:11:53]} Rxc7 {[%clk 0:15:39]} 25. Rxc7 {[%clk 0:12:02]} Rc8
{[%clk 0:15:48]} 1/2-1/2

[Event "World Cup 2017"]
[Site "Tbilisi"]
[Date "2017.09.08"]
[Round "11.2"]
[White "Lenic Luka (SLO)"]
[Black "Caruana Fabiano (USA)"]
[Result "1/2-1/2"]
[BlackElo "2799"]
[WhiteElo "2646"]
[LiveChessVersion "1.4.8"]

1. d4 {[%clk 0:25:17]} d5 {[%clk 0:25:19]} 2. c4 {[%clk 0:25:26]} dxc4
{[%clk 0:25:27]} 3. Nf3 {[%clk 0:25:34]} Nf6 {[%clk 0:25:36]} 4. e3
{[%clk 0:25:43]} e6 {[%clk 0:25:44]} 5. Bxc4 {[%clk 0:25:50]} c5 {[%clk 0:25:53]}
6. O-O {[%clk 0:25:50]} a6 {[%clk 0:26:01]} 7. dxc5 {[%clk 0:25:50]} Bxc5
{[%clk 0:26:08]} 8. Qxd8+ {[%clk 0:25:54]} Kxd8 {[%clk 0:26:15]} 9. Be2
{[%clk 0:25:42]} Ke7 {[%clk 0:26:23]} 10. b3 {[%clk 0:25:23]} b6 {[%clk 0:26:26]}
11. Ne5 {[%clk 0:25:13]} Bb7 {[%clk 0:26:32]} 12. Nd2 {[%clk 0:25:16]} b5
{[%clk 0:26:24]} 13. a4 {[%clk 0:24:59]} Nbd7 {[%clk 0:26:32]} 14. Nxd7
{[%clk 0:24:24]} Nxd7 {[%clk 0:26:40]} 15. Bb2 {[%clk 0:24:28]} b4
{[%clk 0:26:10]} 16. Rac1 {[%clk 0:23:42]} Rhc8 {[%clk 0:24:56]} 17. Rfd1
{[%clk 0:22:07]} f6 {[%clk 0:23:00]} 18. Nc4 {[%clk 0:20:49]} a5 {[%clk 0:22:27]}
19. Bf3 {[%clk 0:18:30]} Bxf3 {[%clk 0:21:05]} 20. gxf3 {[%clk 0:18:32]} Nb6
{[%clk 0:18:37]} 21. Kf1 {[%clk 0:17:14]} Nxc4 {[%clk 0:16:28]} 22. Rxc4
{[%clk 0:17:22]} Bb6 {[%clk 0:16:33]} 23. Rdc1 {[%clk 0:16:48]} Rxc4
{[%clk 0:13:00]} 24. Rxc4 {[%clk 0:16:56]} Rd8 {[%clk 0:12:47]} 25. Ke2
{[%clk 0:16:46]} Rd5 {[%clk 0:11:36]} 26. Rc6 {[%clk 0:16:12]} Rd6
{[%clk 0:10:25]} 27. Rc8 {[%clk 0:14:52]} Rd8 {[%clk 0:09:27]} 28. Rc6
{[%clk 0:11:34]} Rd6 {[%clk 0:09:35]} 29. Rc8 {[%clk 0:11:14]} Rd8
{[%clk 0:09:44]} 30. Rc6 1/2-1/2

[Event "World Cup 2017"]
[Site "Tbilisi"]
[Date "2017.09.08"]
[Round "11.6"]
[White "Cori Jorge (PER)"]
[Black "Grischuk Alexander (RUS)"]
[Result "1/2-1/2"]
[BlackElo "2788"]
[WhiteElo "2648"]
[LiveChessVersion "1.4.8"]

1. d4 {[%clk 0:25:18]} Nf6 {[%clk 0:25:18]} 2. c4 {[%clk 0:25:26]} g6
{[%clk 0:25:26]} 3. g3 {[%clk 0:25:33]} c6 {[%clk 0:25:28]} 4. Bg2
{[%clk 0:25:41]} d5 {[%clk 0:25:37]} 5. cxd5 {[%clk 0:25:41]} cxd5
{[%clk 0:25:45]} 6. Nf3 {[%clk 0:25:49]} Bg7 {[%clk 0:25:52]} 7. O-O
{[%clk 0:25:56]} O-O {[%clk 0:25:59]} 8. Nc3 {[%clk 0:26:04]} Ne4
{[%clk 0:25:35]} 9. Nxe4 {[%clk 0:25:58]} dxe4 {[%clk 0:25:43]} 10. Ne5
{[%clk 0:26:06]} Qd5 {[%clk 0:24:15]} 11. b3 {[%clk 0:26:15]} Rd8
{[%clk 0:15:09]} 12. Bb2 {[%clk 0:26:16]} f6 {[%clk 0:14:11]} 13. Nc4
{[%clk 0:21:53]} f5 {[%clk 0:14:15]} 14. e3 {[%clk 0:21:46]} Nc6 {[%clk 0:14:03]}
15. f3 {[%clk 0:17:31]} exf3 {[%clk 0:14:05]} 16. Bxf3 {[%clk 0:17:39]} Qf7
{[%clk 0:13:55]} 17. Qe2 {[%clk 0:14:50]} Be6 {[%clk 0:13:56]} 18. Rad1
{[%clk 0:09:24]} Bd5 {[%clk 0:13:29]} 19. Ne5 {[%clk 0:05:11]} Qe6
{[%clk 0:05:26]} 20. Nxc6 {[%clk 0:03:41]} Qxc6 {[%clk 0:03:45]} 21. Bxd5+
{[%clk 0:02:51]} Qxd5 {[%clk 0:03:50]} 22. Qg2 {[%clk 0:02:59]} Qxg2+
{[%clk 0:01:50]} 23. Kxg2 {[%clk 0:03:08]} Rac8 {[%clk 0:01:59]} 24. Rc1
{[%clk 0:03:15]} Kf7 {[%clk 0:01:59]} 25. Kf3 {[%clk 0:03:19]} Bf6
{[%clk 0:01:33]} 26. g4 {[%clk 0:03:08]} Ke6 {[%clk 0:00:36]} 27. gxf5+
{[%clk 0:02:30]} gxf5 {[%clk 0:00:45]} 28. Rxc8 {[%clk 0:00:47]} Rxc8
{[%clk 0:00:54]} 29. Rc1 {[%clk 0:00:56]} Rxc1 {[%clk 0:00:53]} 30. Bxc1
{[%clk 0:01:04]} Kd5 {[%clk 0:01:01]} 31. Bd2 {[%clk 0:00:59]} Bh4
{[%clk 0:00:46]} 32. Bc3 {[%clk 0:01:03]} e6 {[%clk 0:00:48]} 33. Bd2
{[%clk 0:01:05]} a6 {[%clk 0:00:34]} 1/2-1/2

[Event "World Cup 2017"]
[Site "Tbilisi"]
[Date "2017.09.08"]
[Round "11.8"]
[White "Motylev Alexander (RUS)"]
[Black "Giri Anish (NED)"]
[Result "1/2-1/2"]
[BlackElo "2777"]
[WhiteElo "2668"]
[LiveChessVersion "1.4.8"]

1. e4 c5 2. Nf3 {[%clk 0:25:25]} d6 {[%clk 0:25:30]} 3. d4 {[%clk 0:25:33]} cxd4
{[%clk 0:25:40]} 4. Nxd4 {[%clk 0:25:41]} Nf6 {[%clk 0:25:49]} 5. Nc3
{[%clk 0:25:49]} a6 {[%clk 0:25:58]} 6. Bd3 {[%clk 0:25:55]} g6 {[%clk 0:25:55]}
7. Be3 {[%clk 0:26:01]} Bg7 {[%clk 0:25:59]} 8. f3 {[%clk 0:26:09]} Nc6
{[%clk 0:24:25]} 9. Qd2 {[%clk 0:26:02]} Ne5 {[%clk 0:24:00]} 10. Be2
{[%clk 0:25:26]} b5 {[%clk 0:23:52]} 11. a4 {[%clk 0:24:36]} Nc4 {[%clk 0:23:58]}
12. Bxc4 {[%clk 0:24:39]} bxc4 {[%clk 0:24:07]} 13. O-O {[%clk 0:24:03]} O-O
{[%clk 0:24:04]} 14. b4 {[%clk 0:23:05]} cxb3 {[%clk 0:24:04]} 15. cxb3
{[%clk 0:23:14]} Bb7 {[%clk 0:23:42]} 16. b4 {[%clk 0:23:02]} Rc8
{[%clk 0:23:37]} 17. Rfd1 {[%clk 0:22:19]} Nd7 {[%clk 0:23:34]} 18. Bf2
{[%clk 0:21:52]} Ne5 {[%clk 0:23:28]} 19. Rac1 {[%clk 0:21:41]} Qd7
{[%clk 0:22:42]} 20. b5 {[%clk 0:17:59]} Nc4 {[%clk 0:20:27]} 21. Qe2
{[%clk 0:17:41]} Bh6 {[%clk 0:20:29]} 22. Ra1 {[%clk 0:17:43]} e6
{[%clk 0:20:06]} 23. Nb3 {[%clk 0:15:42]} Qe7 {[%clk 0:20:05]} 24. Nd4
{[%clk 0:08:42]} Rfe8 {[%clk 0:19:29]} 25. Rab1 {[%clk 0:08:24]} Qg5
{[%clk 0:18:41]} 26. bxa6 {[%clk 0:06:32]} Bxa6 {[%clk 0:18:44]} 27. Ncb5
{[%clk 0:06:27]} Red8 {[%clk 0:16:03]} 28. h4 {[%clk 0:06:09]} Qe7
{[%clk 0:15:42]} 29. Nc2 {[%clk 0:05:30]} Rd7 {[%clk 0:05:51]} 30. Nb4
{[%clk 0:05:06]} Bb7 {[%clk 0:06:00]} 31. Na7 {[%clk 0:04:48]} Rcc7
{[%clk 0:06:09]} 32. Nb5 {[%clk 0:04:57]} Rc8 {[%clk 0:06:19]} 33. Na7
{[%clk 0:02:48]} Rcc7 {[%clk 0:06:29]} 34. Nb5 {[%clk 0:02:50]} Rc8
{[%clk 0:06:37]} 35. Na7 {[%clk 0:01:43]} 1/2-1/2

[Event "World Cup 2017"]
[Site "Tbilisi"]
[Date "2017.09.08"]
[Round "11.10"]
[White "Adhiban B. (IND)"]
[Black "Nepomniachtchi Ian (RUS)"]
[Result "1/2-1/2"]
[BlackElo "2741"]
[WhiteElo "2670"]
[LiveChessVersion "1.4.8"]

1. e4 {[%clk 0:25:17]} c5 {[%clk 0:25:19]} 2. Nf3 {[%clk 0:25:26]} d6
{[%clk 0:25:27]} 3. d4 {[%clk 0:25:34]} cxd4 {[%clk 0:25:36]} 4. Nxd4
{[%clk 0:25:43]} Nf6 {[%clk 0:25:45]} 5. Nc3 {[%clk 0:25:51]} a6 {[%clk 0:25:55]}
6. Bg5 {[%clk 0:25:59]} e6 {[%clk 0:26:04]} 7. f4 Nbd7 8. Qe2 {[%clk 0:25:45]}
Qc7 {[%clk 0:25:57]} 9. O-O-O {[%clk 0:25:51]} b5 {[%clk 0:26:06]} 10. a3
{[%clk 0:26:00]} Bb7 {[%clk 0:26:07]} 11. g4 {[%clk 0:26:09]} Be7
{[%clk 0:26:07]} 12. Bh4 {[%clk 0:26:09]} b4 {[%clk 0:26:15]} 13. axb4
{[%clk 0:25:58]} a5 {[%clk 0:26:24]} 14. Bxf6 {[%clk 0:19:31]} Nxf6
{[%clk 0:25:56]} 15. b5 {[%clk 0:16:12]} a4 {[%clk 0:25:47]} 16. g5
{[%clk 0:13:57]} Nxe4 {[%clk 0:23:58]} 17. Nxe4 {[%clk 0:12:28]} d5
{[%clk 0:23:08]} 18. b6 {[%clk 0:11:28]} Qxf4+ {[%clk 0:22:55]} 19. Qd2
{[%clk 0:11:24]} Qxe4 {[%clk 0:22:29]} 20. Bb5+ {[%clk 0:10:23]} Kf8
{[%clk 0:22:36]} 21. Rde1 {[%clk 0:09:46]} Qh4 {[%clk 0:21:31]} 22. Nxe6+
{[%clk 0:09:10]} Kg8 {[%clk 0:21:26]} 23. Rhf1 {[%clk 0:07:33]} a3
{[%clk 0:21:01]} 24. Kb1 {[%clk 0:07:40]} axb2 {[%clk 0:20:59]} 25. Qd4
{[%clk 0:06:23]} Qxd4 {[%clk 0:18:59]} 26. Nxd4 {[%clk 0:06:32]} Bc5
{[%clk 0:17:56]} 27. Re8+ {[%clk 0:06:12]} Rxe8 {[%clk 0:17:59]} 28. Bxe8
{[%clk 0:06:21]} Bxd4 {[%clk 0:17:45]} 29. Rxf7 {[%clk 0:06:30]} Bc6
{[%clk 0:16:48]} 30. b7 {[%clk 0:03:38]} Bxb7 {[%clk 0:16:54]} 31. Rxb7
{[%clk 0:03:41]} g6 {[%clk 0:16:52]} 32. Bf7+ {[%clk 0:02:51]} Kf8
{[%clk 0:17:00]} 33. Bxd5 {[%clk 0:02:54]} h6 {[%clk 0:17:00]} 34. Rb8+
{[%clk 0:02:02]} Ke7 {[%clk 0:17:01]} 35. Rxh8 {[%clk 0:02:09]} Bxh8
{[%clk 0:17:09]} 36. gxh6 {[%clk 0:02:17]} Bc3 {[%clk 0:17:16]} 37. h4
{[%clk 0:02:11]} Kf6 {[%clk 0:16:59]} 38. Be4 {[%clk 0:02:16]} Kf7
{[%clk 0:16:55]} 39. Bd5+ {[%clk 0:02:18]} Kf6 {[%clk 0:17:04]} 40. Be4
{[%clk 0:02:27]} 1/2-1/2

[Event "World Cup 2017"]
[Site "Tbilisi"]
[Date "2017.09.08"]
[Round "11.11"]
[White "Svidler Peter (RUS)"]
[Black "Erdos Viktor (HUN)"]
[Result "1-0"]
[BlackElo "2619"]
[WhiteElo "2756"]
[LiveChessVersion "1.4.8"]

1. c4 {[%clk 0:25:16]} e5 {[%clk 0:25:09]} 2. g3 {[%clk 0:25:10]} Nf6
{[%clk 0:25:17]} 3. Bg2 {[%clk 0:25:18]} h6 {[%clk 0:25:26]} 4. Nc3
{[%clk 0:24:55]} Bb4 {[%clk 0:25:31]} 5. e4 {[%clk 0:24:12]} d6 {[%clk 0:25:05]}
6. Nge2 {[%clk 0:24:01]} Nc6 {[%clk 0:25:14]} 7. h3 {[%clk 0:23:08]} Bc5
{[%clk 0:25:21]} 8. a3 {[%clk 0:21:29]} a6 {[%clk 0:25:30]} 9. d3
{[%clk 0:21:29]} Nd4 {[%clk 0:24:30]} 10. b4 {[%clk 0:20:47]} Ba7
{[%clk 0:24:27]} 11. Be3 {[%clk 0:20:53]} O-O {[%clk 0:23:49]} 12. O-O
{[%clk 0:20:33]} c6 {[%clk 0:23:32]} 13. Bxd4 {[%clk 0:19:47]} exd4
{[%clk 0:23:30]} 14. Nb1 {[%clk 0:19:56]} b5 {[%clk 0:22:18]} 15. Nd2
{[%clk 0:20:04]} Be6 {[%clk 0:22:26]} 16. Rc1 {[%clk 0:19:22]} Rc8
{[%clk 0:22:33]} 17. Nf4 {[%clk 0:19:10]} Bd7 {[%clk 0:21:45]} 18. Nb3
{[%clk 0:16:03]} c5 {[%clk 0:14:10]} 19. bxc5 {[%clk 0:14:58]} bxc4
{[%clk 0:09:57]} 20. Rxc4 {[%clk 0:15:03]} dxc5 {[%clk 0:08:35]} 21. e5
{[%clk 0:14:59]} Nh7 {[%clk 0:08:01]} 22. Qc2 {[%clk 0:11:23]} g5
{[%clk 0:02:12]} 23. Nh5 {[%clk 0:11:01]} Be6 {[%clk 0:02:18]} 24. Nd2
{[%clk 0:10:15]} f5 {[%clk 0:01:39]} 25. Ra4 {[%clk 0:08:11]} a5 {[%clk 0:00:40]}
26. Nc4 {[%clk 0:08:13]} Bb6 {[%clk 0:00:18]} 27. Rb1 {[%clk 0:08:00]} Bc7
{[%clk 0:00:22]} 28. Rb7 {[%clk 0:06:04]} f4 {[%clk 0:00:17]} 29. Qe2
{[%clk 0:05:29]} Bd5 {[%clk 0:00:20]} 30. Bxd5+ {[%clk 0:01:22]} Qxd5
{[%clk 0:00:29]} 31. Ra7 {[%clk 0:01:31]} f3 {[%clk 0:00:17]} 32. Qe1
{[%clk 0:01:15]} Qd7 {[%clk 0:00:26]} 33. e6 {[%clk 0:01:24]} Qxa4
{[%clk 0:00:14]} 34. e7 {[%clk 0:01:21]} Qd7 {[%clk 0:00:13]} 35. Qe4
{[%clk 0:01:12]} Kh8 {[%clk 0:00:11]} 36. exf8=Q+ Nxf8 {[%clk 0:01:49]} 37. Qxf3
{[%clk 0:00:50]} Qe6 {[%clk 0:01:50]} 38. Rxc7 {[%clk 0:00:47]} Rxc7
{[%clk 0:01:54]} 39. Qxf8+ {[%clk 0:00:55]} Kh7 {[%clk 0:02:03]} 40. Nf6+
{[%clk 0:00:59]} Kg6 {[%clk 0:02:12]} 41. Ne4 {[%clk 0:01:07]} 1-0

[Event "World Cup 2017"]
[Site "Tbilisi"]
[Date "2017.09.08"]
[Round "11.12"]
[White "Onischuk Alexander (USA)"]
[Black "Wojtaszek Radoslaw (POL)"]
[Result "1/2-1/2"]
[BlackElo "2739"]
[WhiteElo "2682"]
[LiveChessVersion "1.4.8"]

1. d4 {[%clk 0:25:18]} Nf6 {[%clk 0:25:19]} 2. c4 {[%clk 0:25:26]} e6
{[%clk 0:25:27]} 3. Nf3 {[%clk 0:25:32]} d5 {[%clk 0:25:35]} 4. g3
{[%clk 0:25:40]} Bb4+ {[%clk 0:25:43]} 5. Bd2 {[%clk 0:25:47]} Be7
{[%clk 0:25:50]} 6. Bg2 {[%clk 0:25:51]} O-O {[%clk 0:25:56]} 7. O-O
{[%clk 0:25:57]} Nbd7 {[%clk 0:26:04]} 8. Qc2 {[%clk 0:25:20]} c6
{[%clk 0:26:12]} 9. Rd1 {[%clk 0:24:54]} b6 {[%clk 0:26:13]} 10. Ne5
{[%clk 0:24:51]} Nxe5 {[%clk 0:22:30]} 11. dxe5 {[%clk 0:24:59]} Nd7
{[%clk 0:21:30]} 12. Bc3 {[%clk 0:24:43]} Qc7 {[%clk 0:20:40]} 13. f4
{[%clk 0:24:25]} Ba6 {[%clk 0:19:37]} 14. cxd5 {[%clk 0:20:50]} cxd5
{[%clk 0:19:19]} 15. Qd2 {[%clk 0:20:54]} Nc5 {[%clk 0:18:07]} 16. Bd4
{[%clk 0:20:22]} Ne4 {[%clk 0:17:14]} 17. Bxe4 {[%clk 0:16:29]} dxe4
{[%clk 0:17:22]} 18. Qe3 {[%clk 0:16:28]} Rfd8 {[%clk 0:15:08]} 19. Nc3
{[%clk 0:16:25]} Qc4 {[%clk 0:14:51]} 20. Qxe4 {[%clk 0:13:54]} Rab8
{[%clk 0:10:51]} 21. Be3 {[%clk 0:11:19]} Qxe4 {[%clk 0:10:23]} 22. Nxe4
{[%clk 0:11:27]} Bxe2 {[%clk 0:10:31]} 23. Rxd8+ {[%clk 0:11:12]} Rxd8
{[%clk 0:10:40]} 24. Rc1 {[%clk 0:10:52]} Rd1+ {[%clk 0:06:20]} 25. Rxd1
{[%clk 0:10:42]} Bxd1 {[%clk 0:06:28]} 26. Nc3 {[%clk 0:09:32]} Bf3
{[%clk 0:06:35]} 27. Nb5 {[%clk 0:09:29]} a6 {[%clk 0:06:32]} 28. Nc7
{[%clk 0:08:05]} Bb7 {[%clk 0:06:40]} 29. Bxb6 {[%clk 0:07:59]} Bd8
{[%clk 0:06:18]} 30. Kf2 {[%clk 0:07:28]} Bxc7 {[%clk 0:06:26]} 31. Bxc7
{[%clk 0:07:37]} Kf8 {[%clk 0:06:35]} 32. g4 {[%clk 0:06:36]} Bd5
{[%clk 0:05:32]} 33. a3 {[%clk 0:06:18]} Ke7 {[%clk 0:05:13]} 34. Bd6+
{[%clk 0:06:08]} Kd7 {[%clk 0:04:34]} 35. Bf8 {[%clk 0:06:07]} g6
{[%clk 0:04:43]} 36. Bh6 {[%clk 0:06:07]} Bb3 {[%clk 0:04:39]} 37. Kg3
{[%clk 0:06:11]} a5 {[%clk 0:03:43]} 38. Kh4 {[%clk 0:06:08]} a4 {[%clk 0:03:52]}
39. Kg5 {[%clk 0:05:54]} Ke7 {[%clk 0:03:55]} 40. h4 {[%clk 0:03:21]} Bd1
{[%clk 0:04:03]} 41. h5 {[%clk 0:03:20]} gxh5 {[%clk 0:03:13]} 42. Kxh5
{[%clk 0:03:22]} Be2 {[%clk 0:02:45]} 43. Kg5 {[%clk 0:03:28]} Bd1
{[%clk 0:02:50]} 44. Bg7 {[%clk 0:03:28]} Be2 {[%clk 0:02:56]} 45. Bf6+
{[%clk 0:03:32]} Ke8 {[%clk 0:03:00]} 46. f5 {[%clk 0:03:20]} Bd1
{[%clk 0:03:06]} 47. fxe6 {[%clk 0:03:18]} 1/2-1/2

[Event "World Cup 2017"]
[Site "Tbilisi"]
[Date "2017.09.08"]
[Round "11.13"]
[White "Jobava Baadur (GEO)"]
[Black "Yu Yangyi (CHN)"]
[Result "1/2-1/2"]
[BlackElo "2750"]
[WhiteElo "2702"]
[LiveChessVersion "1.4.8"]

1. b3 {[%clk 0:25:17]} d5 {[%clk 0:25:18]} 2. Bb2 {[%clk 0:25:25]} Nf6
{[%clk 0:25:26]} 3. e3 {[%clk 0:25:32]} g6 {[%clk 0:25:35]} 4. c4
{[%clk 0:25:33]} dxc4 {[%clk 0:25:27]} 5. Bxc4 {[%clk 0:25:40]} Bg7
{[%clk 0:25:36]} 6. Nf3 {[%clk 0:25:44]} O-O {[%clk 0:25:42]} 7. O-O
{[%clk 0:25:52]} c5 {[%clk 0:25:50]} 8. Be2 {[%clk 0:23:32]} Nc6 {[%clk 0:25:48]}
9. Qc1 {[%clk 0:23:16]} Qd6 {[%clk 0:23:46]} 10. Na3 {[%clk 0:21:10]} b6
{[%clk 0:22:47]} 11. d4 {[%clk 0:18:19]} cxd4 {[%clk 0:22:16]} 12. Nb5
{[%clk 0:18:28]} Qd7 {[%clk 0:21:59]} 13. Nbxd4 {[%clk 0:17:43]} Bb7
{[%clk 0:21:23]} 14. Nxc6 {[%clk 0:17:20]} Qxc6 {[%clk 0:21:29]} 15. Qxc6
{[%clk 0:17:28]} Bxc6 {[%clk 0:21:38]} 16. Rac1 {[%clk 0:17:32]} Bd5
{[%clk 0:19:37]} 17. Ba3 {[%clk 0:16:03]} Ne4 {[%clk 0:18:49]} 18. Bxe7
{[%clk 0:16:07]} Rfe8 {[%clk 0:18:36]} 19. Bb4 {[%clk 0:16:04]} a5
{[%clk 0:18:04]} 20. Be1 {[%clk 0:15:53]} Rac8 {[%clk 0:17:10]} 21. Rd1
{[%clk 0:16:02]} Red8 {[%clk 0:16:52]} 22. Nd4 {[%clk 0:12:10]} Bb7
{[%clk 0:16:15]} 23. f3 {[%clk 0:10:59]} Nc3 {[%clk 0:15:12]} 24. Bxc3
{[%clk 0:11:07]} Rxc3 {[%clk 0:15:21]} 25. Nb5 {[%clk 0:09:44]} Rxd1
{[%clk 0:15:29]} 26. Rxd1 {[%clk 0:09:53]} Rxe3 {[%clk 0:15:36]} 27. Bc4
{[%clk 0:10:01]} Ba6 {[%clk 0:14:11]} 28. Kf2 {[%clk 0:08:35]} Re7
{[%clk 0:12:52]} 29. Nd6 {[%clk 0:08:15]} Rd7 {[%clk 0:12:21]} 30. Ke2
{[%clk 0:03:59]} Be5 {[%clk 0:11:27]} 31. Bxa6 {[%clk 0:03:46]} 1/2-1/2